Detalles MARC
| 000 -LIDER |
| fixed length control field |
01041nam a22003617a 4500 |
| 001 - NÚMERO DE CONTROL |
| Identificador de número de control |
067 |
| 003 - IDENTIFICACDOR DE NÚMERO DE CONTROL |
| control field |
DO-SdBNP |
| 005 - DATE AND TIME OF LATEST TRANSACTION |
| control field |
20180220140004.0 |
| 007 - CAMPOS FIJOS DE DESCRIPCIÓN FÍSICA |
| fixed length control field |
067 |
| 008 - ELEMENTOS DE LONGITUD FIJA |
| fixed length control field |
151005b1992 sp a 00| 0 spa d |
| 020 ## - ISBN |
| International Standard Book Number |
8434820900 |
| 040 ## - FUENTE DE CATALOGACIÓN |
| Agencia que crea de manera original el registro |
BPMSU |
| Idioma de catalogación |
spa |
| Agencia que realiza la transcripción |
BPMSU |
| 092 ## - LOCALLY ASSIGNED DEWEY DECIMAL CALL NUMBER |
| Número de clasificación |
XXXX |
| Número de ítem (Cutter) |
XXXX |
| 100 1# - ASIENTO PRINCIPAL -- NOMBRE PERSONAL |
| Nombre personal |
Turner, Ethel |
| 240 10 - TITULO UNIFORME |
| Título uniforme |
Seven little australians / |
| Fecha de una obra |
1987 |
| Idioma de una obra |
eng |
| 245 10 - MENCIÓN DE TITULO |
| Título |
Siete chicos australianos / |
| Mención de responsabilidad |
Ethel Turner ; ilustraciones Sandra Laroche ; traducción Ana Moret ; colección dirigida por Marinella Terzi |
| 250 ## - MENCIÓN DE EDICION |
| Mención de edición |
6a. ed. |
| 260 ## - PUBLICACIÓN, DISTRIBUCIÓN, ETC. (PIE DE IMPRENTA) |
| Lugar de publicación, distribución, etc |
Madrid : |
| Nombre del editor, distribuidor, etc. |
Ediciones SM, |
| Fecha de publicación, distribución, etc |
1992. |
| 300 ## - DESCRIPCIÓN FÍSICA |
| Extensión |
165 p. : |
| Otros detalles físicos |
il. ; |
| Dimensiones |
19 cm. |
| 490 1# - MENCIÓN DE SERIES |
| Mención de serie |
El barco de vapor |
| Volume/sequential designation |
38 |
| 490 1# - MENCIÓN DE SERIES |
| Mención de serie |
Roja |
| 500 ## - NOTA GENERAL |
| Nota general |
A partir de 12 años |
| 521 1# - TARGET AUDIENCE NOTE |
| Target audience note |
A partir de los 12 años |
| 700 12 - ASIENTO SECUNDARIO -- NOMBRE PERSONAL |
| Nombre personal |
Terzi, Marinella |
| Mención de responsabilidad |
dir. |
| 700 12 - ASIENTO SECUNDARIO -- NOMBRE PERSONAL |
| Nombre personal |
Laroche, Sandra |
| Mención de responsabilidad |
il. |
| 700 12 - ASIENTO SECUNDARIO -- NOMBRE PERSONAL |
| Nombre personal |
Moret, Ana |
| Mención de responsabilidad |
trad. |
| 830 #0 - ASIENTO SECUNDARIO DE SERIE--TÍTULO UNIFORME |
| Título uniforme |
Barco de vapor |
| Número de la parte o sección de una obra |
38 |
| 830 #0 - ASIENTO SECUNDARIO DE SERIE--TÍTULO UNIFORME |
| Título uniforme |
Roja |
| 910 ## - VALIDACIÓN |
| Validación |
202 |
| 942 ## - ADDED ENTRY ELEMENTS (KOHA) |
| Source of classification or shelving scheme |
Dewey Decimal Classification |
| Koha item type |
Libros |
| 945 ## - INFORMACIÓN DE PROCESAMIENTO LOCAL |
| Información de procesamiento local |
Inventariado, 2018/ YL |
| 956 ## - LOCAL ELECTRONIC LOCATION AND ACCESS (OCLC) |
| Nombre de host |
YLOCKWARD |
| Número de acceso |
10 |
| Información de compresión |
BPMSU |